00548 2200217 4500001002100000005001700021008004100038035002400079090001500103100001700118245003800135260003300173300002500206500002500231650001200256850001500268980001300283985000600296986001300302999001500315YOGYA-0209000001670020090227022657.0 ind  0010-020900000016700 a574bHad K aHADI KASTOWO aKetrampilan biologicHadi Kastowo aSemarangbDahara Prizec1994 a131 hlmbilusc20 cm aTermasuk bibliografi aBiologi aYOPDYOG(B) a14-11-05 a1 afwhRTREV a97P0102139